LEADER 00915nam a2200217 4500 001 000000335348 003 CaOOAMICUS 005 20190903155359.0 008 190723s2005 it 000 u ita r 040 $aSeMil$bita 100 1 $aInnocenti, Ennio <1932- >.$0(OLS)http://semarc/name/90045 245 13$aLa conversione religiosa di Benito Mussolini /$cEnnio Innocenti. 250 $a10. ed 264 1$aRoma :$bSacra Fraternitas Aurigarum in Urbe,$c2005. 300 $a331 p. :$bill. ;$c21 cm 600 14$aMussolini, Benito <1883-1945>.$0(OLS)http://semarc/subject/6801 850 $aSeMil 852 $aSeMil$W1$xVenegono$y1$m3V II 305$j216751$B227296$CSeMilBibl$Z2$F227296 $81 996 $6245$aLa conversione religiosa di Benito Mussolini$9(OLS)http://semarc/title/424807 996 $6264$aRoma :$bSacra Fraternitas Aurigarum in Urbe$9(OLS)http://semarc/publisher/31738 LEADER 00368nab a2200133 i 4500 001 000000313454 003 CaOOAMICUS 005 20180831173112.0 008 180831n xx uu u0 0und r 013 $a22544 040 $aSeMil$bita 245 10$aApprovazione sovrana. 773 0 $t[Luglio-Dicembre].$g291$w()274231 996 $6245$aApprovazione sovrana$9(OLS)http://semarc/title/387722